Tāriku al-ḥaḍārah al-Maghribīyah. (Record no. 47657)

MARC details
000 -LEADER
fixed length control field 00602cam a22002291 4500
001 - CONTROL NUMBER
control field ne 64003198
003 - CONTROL NUMBER IDENTIFIER
control field DLC
005 - DATE AND TIME OF LATEST TRANSACTION
control field 20260227111807.0
008 - FIXED-LENGTH DATA ELEMENTS--GENERAL INFORMATION
fixed length control field 891004s1962 xx 000 0 ara
010 ## - LIBRARY OF CONGRESS CONTROL NUMBER
LC control number ne 64003198
035 ## - SYSTEM CONTROL NUMBER
System control number (OCoLC)23498801
040 ## - CATALOGING SOURCE
Original cataloging agency DLC
Transcribing agency MiU
Modifying agency DLC
042 ## - AUTHENTICATION CODE
Authentication code premarc
050 00 - LIBRARY OF CONGRESS CALL NUMBER
Classification number DT312
Item number .B54
100 2# - MAIN ENTRY--PERSONAL NAME
Personal name Bin-ʻAbd Allāh, ʻAbd al-ʻAzīz.
245 10 - TITLE STATEMENT
Title Tāriku al-ḥaḍārah al-Maghribīyah.
260 ## - PUBLICATION, DISTRIBUTION, ETC.
Date of publication, distribution, etc. 1962
300 ## - PHYSICAL DESCRIPTION
Extent 2 v.
Other physical details illus., ports.
Dimensions 25 cm.
500 ## - GENERAL NOTE
General note #
651 #0 - SUBJECT ADDED ENTRY--GEOGRAPHIC NAME
Geographic name Morocco
General subdivision Civilization.
651 #0 - SUBJECT ADDED ENTRY--GEOGRAPHIC NAME
Geographic name Morocco
General subdivision Social life and customs

No items available.

Powered by Koha